Biblioteca

Los Negocios y la Biblia : una guía completa de principios bíblicos para hombres y mujeres de negocios / Larry Burkett ; traducido por Elsie Powell (Registro nro. 44839)

Detalles MARC
000 -LÍDER
Campo fijo de descripción fija 009150000a22002530004500
020 ## - NÚMERO INTERNACIONAL NORMALIZADO PARA LIBROS
Número Internacional Normalizado del libro 0-88113-112-1
041 0# - CÓDIGO DE IDIOMA
Código de idioma para texto/pista de sonido o título separado
082 04 - NÚMERO DE CLASIFICACIÓN DECIMAL DEWEY
Número de clasificación G 261.85 B9596n
001 - NÚMERO DE CONTROL
Campo de control 18399
100 1# - ASIENTO PRINCIPAL--NOMBRE PERSONAL
Nombre personal Burkett, Larry
245 10 - TÍTULO
Título del Material Los Negocios y la Biblia : una guía completa de principios bíblicos para hombres y mujeres de negocios / Larry Burkett ; traducido por Elsie Powell
250 ## - MENCIÓN DE EDICIÓN
Mención de edición 4
260 ## - PUBLICACIÓN, DISTRIBUCIÓN, ETC. (PIE DE IMPRENTA)
Lugar de publicación, distribución, etc. Nashville, EE.UU: Caribe
300 ## - DESCRIPCIÓN FÍSICA
Extensión 301 p.
336 ## - CONTENT TYPE
Content type term texto
Content type code txt
Source rdacontent
337 ## - MEDIA TYPE
Source rdamedia
Media type term sin mediación
Media type code n
338 ## - CARRIER TYPE
Source rdacarrier
Carrier type term volumen
Carrier type code nc
500 ## - NOTA GENERAL
Nota General Título original en inglés: Businee by the book
501 ## - NOTA DE “CON”
Nota de Contenido rústico
505 00 - NOTA DE CONTENIDO
Nota de contenido con formato preestablecido Los negocios y la palabra de Dios -- Los principios para decisiones críticas -- Su vida y los negocios
650 14 - ASIENTO SECUNDARIO DE MATERIA - TERMINO TEMÁTICO
Término temático o nombre geográfico como elemento de entrada CRISTIANISMO Y ECONOMIA \ RELIGION Y ECONOMIA \ ETICA DE LOS NEGOCIOS
942 ## - TIPO DE MATERIAL (KOHA)
Tipo de Item KOHA Libros General
Existencias
Estado de Material Estado de Perdido Estado de Dañado No para Préstamo Colección Tomo Biblioteca de Origen Biblioteca Permanente Fecha de Adquisición Total de Préstamos Signatura Topográfica Código de Barras Última vez visto Ejemplar/Existencia Fecha de Remplazo Tipo de Material
        Colección General   Biblioteca FUSBC Biblioteca FUSBC 04/06/2014   G 261.85 B9596n 18394 12/12/2019 1 26/01/2016 Libros General

Biblioteca FUSBC | Teléfono: (57+4) 349 88 10 Ext. 141| WhatsApp (+57) 3005338115 
E-mail: biblioteca@unisbc.edu.co | Calle 76 87-14 Robledo Palenque, Medellín, Colombia

Con tecnología Koha